000
00345nam a2200169Ia 4500
100
_a
Louden/Kenneth C
650
_a
Compilers
942
_c
BK
366
_f
20
654
_a
compilers
245
_a
Compiler construction
260
_b
Cengage Learning
_c
1997
082
_a
5.453
_b
LOU
300
_a
582
546
_a
ENGLISH
999
_c
31629
_d
31629